01361nam a2200337 a 4500001001000000003000400010005001700014008004100031020002500072020002200097040004000119082002000159100003500179245010500214250003200319260008900351300003600440490004000476500006000516500002400576500002700600500002500627650004000652653002500692655002400717700006100741830004300802942002000845999001700865952014100882016066468OSt20201128021121.0120326t2013 xxka frd 001 0 eng d a9780273768470 (pbk.) a0273768476 (pbk.) aStDuBDSbengcStDuBDSdUkdEG-ScBUE00a658.15222bBRO1 aBrooks, Raymond,d1950-93648110aFinancial management :bcore concepts /cRaymond M. Brooks ; contributions by Abhik Kumar Mukherjee. a2nd ed.,binternational ed. aHarlow, United Kingdom :bPearson Education Limited,cc.2013f(Courier Kendallville) a645 p. :bill. (col.) ;c28 cm.1 aThe Prentice Hall series in finance aPrevious ed. : Upper Saddle River, N.J.: Pearson, 2010. aIndex : p. 637-644. aGlossary : p. 627-636. aIncludes appendixes. 0aBusiness enterprisesxFinance91452 bBUSADMcNovember2014 vreading book9342321 aMukherjee, Abhik Kr.q(Abhik Kumar)936482econtributor. 0aPrentice Hall series in finance919996 2ddck658.15 BRO c18591d18563 00102ddc40708BaccahaMAINbMAINc1STd2014-11-10ePurchaseg255.00h20677l0o658.15 BROp000036969r2025-07-15 00:00:00v318.75yBB